Mandela’s earth and other poems
Saved in:
| Main Author: | |
|---|---|
| Format: | Book |
| Language: | English |
| Published: |
Fountain Publishers
1989
|
| Tags: |
Add Tag
No Tags, Be the first to tag this record!
|
MARC
| LEADER | 00000nam a22000007a 4500 | ||
|---|---|---|---|
| 008 | 201216b ||||| |||| 00| 0 eng d | ||
| 020 | |a ISBN: 978-2679-01-1 | ||
| 100 | |a SOYINKA, Wole | ||
| 245 | |a Mandela’s earth and other poems |c Wole Soyinka |g . 69p. | ||
| 260 | |b Fountain Publishers |c 1989 |h Ibadan: |i 681094 |l PR9887.9 .So9M31 |m Poems – Nigeria. | ||
| 942 | |a lcc |c BK |e Olagoke,M A |f 16/12/2020 | ||
| 952 | |0 0 |1 0 |2 lcc |4 0 |7 0 |9 578 |a HOL |b AC |c LP |d 2020-12-16 |l 0 |r 2020-12-16 00:00:00 |w 2020-12-16 |y BK | ||
| 952 | |0 0 |1 0 |2 lcc |4 0 |7 0 |9 579 |a HOL |b HOL |c LP |d 2020-12-16 |o PR9887.9 .So9M31 |p 2020-22898 |r 2020-12-16 00:00:00 |w 2020-12-16 |y BK | ||
| 999 | |c 321 |d 321 | ||